000 01500nam0a2200361 4500
001 RU\NLR\BIBL_A\011274743
005 20260406085537.0
010 _a978-5-9906277-0-3
_9120
021 _aRU
_b2016-84298
_95508
035 _a(NLR Aleph) 011274743
090 _a10839183
_c10839183
100 _a20161118d2015 |||y0rusy50 ca
101 0 _arus
102 _aRU
105 _aa z 000zy
200 1 _aАктивность солнечного типа звезд главной последовательности
_e[монография]
_fР.Е. Гершберг
205 _a3-е доп. изд.
210 _aСимферополь
_cАнтиква
_d2015
215 _a613 с.
_d21
300 _aНа 4-й с. обл. авт.: Р.Е. Гершберг - астрофизик
313 _aПред. изд. нет.
320 _aБиблиогр.: с. 613 (30 назв.)
606 1 _aСолнечная активность
_91034015
_3RU\NLR\AUTH\6679319
606 1 _aЗвёзды главной последовательности
_92050489
_3RU\NLR\AUTH\661229967
606 1 _aЗвезды вспыхивающие
_91994185
_3RU\NLR\AUTH\66915872
686 1 _aВ652.48
686 1 _aВ662.12
700 1 _7ca
_8rus
_aГершберг
_bР. Е.
_f1933-
_gРоальд Евгеньевич
_3RU\NLR\AUTH\770280139
_92652106
942 _cBOOK
980 _aNBR
980 _aNB